Online Catalogue and eLibrary

maathu enni mannithuvidu (Record no. 4604)

MARC details
000 -LEADER
fixed length control field 00422nam a2200157Ia 4500
005 - DATE AND TIME OF LATEST TRANSACTION
control field 20250318154750.0
008 - FIXED-LENGTH DATA ELEMENTS--GENERAL INFORMATION
fixed length control field 240331s9999 xx 000 0 und d
082 ## - DDC Classification
Item Number - Author Mark BAL
Class No. 894
100 ## - MAIN ENTRY--PERSONAL NAME
Personal name Baleswari,N
245 #0 - TITLE STATEMENT
Title maathu enni mannithuvidu
260 ## - PUBLICATION, DISTRIBUTION, ETC.
Place of publication, distribution, etc. Trincomalee
Name of publisher, distributor, etc. Trincomalee Sri Patthira Kaliamman Thevasthanam illakiya veliyidu
Date of publication, distribution, etc. 1993
300 ## - PHYSICAL DESCRIPTION
Extent (e.g. Volumes, Pages etc.) vii, 213 p .,
500 ## - GENERAL NOTE
General note
650 ## - SUBJECT ADDED ENTRY--TOPICAL TERM
Topical term or geographic name entry element Novel
942 ## - Koha item type (Biblio)
Koha item type Books in Stacks (Lending)
Holdings
Lost status Damaged status Collection code Home library Current library Shelving location Date acquired Full call number Accession Number Item type
    Lending WERC Library WERC Library Social Science Cupboard 03/31/2024 894.811 BAL 6288 Books in Stacks (Lending)

© WERC Library